Victimizacin̤ sexual y nuevas tecnologa̕s desafo̕s probatorios /

Detalles Bibliográficos
Autor principal: Lp̤ez Jimňez, Raquel
Formato: eBook
Lenguaje:español
Publicado: Madrid: Dykinson, 2021
Materias:
Acceso en línea:Acceso restringido

MARC

LEADER 00000nam a22000007a 4500
005 20220714220832.0
007 cr|||| ||||
008 220714s2021 es |||||s|||| 00||0 spa d
020 |a 978-84-1122-072-9 
035 |a 36458 
040 |a vLex 
090 |c 13561  |d 13561 
100 1 |a Lp̤ez Jimňez, Raquel 
245 1 0 |a Victimizacin̤ sexual y nuevas tecnologa̕s  |h [Recurso electrn̤ico] :  |b desafo̕s probatorios /  |c Raquel Lp̤ez Jimňez 
256 |a Servicio en ln̕ea 
260 |a Madrid:  |b Dykinson,  |c 2021 
300 |a 1 recurso electrn̤ico 
500 |a El desarrollo de las tecnologa̕s ha provocado una transformacin̤ en todos los niveles y m̀bitos, y como no, tambiň en materia de delincuencia. As,̕ recientemente han aparecido nuevas conductas delictivas que utilizan las nuevas tecnologa̕s como medio para cometer determinados delitos. El legislador ha tomado conciencia de la gravedad de estas conductas y de la problemt̀ica que plantea para el Derecho Penal y como no para el Derecho Procesal. Es evidente, que la llegada de internet ha provocado nuevas formas de interaccin̤ social que han facilitado la aparicin̤ de estas nuevas conductas delictivas que afectan gravemente a la privacidad de las vc̕timas, en muchos de los casos menores de edad. El triunfo de la tecnologa̕ ha dejado patente la falta de tipificacin̤ de esas conductas y ha venido a exigir una respuesta penal y tambiň procesal. Es evidente que era y es necesario nuevas formas de investigacin̤ para la averiguacin̤ de este tipo de delitos dada la singularidad del medio de comisin̤ y tambiň como no el estudio de la materia probatoria dada la dificultad de persecucin̤, descubrimiento y condena de los autores de dichos delitos, ya que una de las caracters̕ticas de estos delitos es el anonimato en la comisin̤ de los delitos. Esta investigacin̤ se enmarca dentro del proyecto de investigacin̤ Tratamiento procesal de la vc̕tima de violencia sexual: participacin̤, objeto de prueba e interpretacin̤ sociales en las redes, con referencia RTI2018-099170-B-I00. 
506 1 |a Disponible solo en los productos indicados  |d vLex Global  |d vLex Global (Academic Edition, excluding Law Schools)  |d vLex Global (U.S. Academic Edition, Law Schools)  |d vLex Global (U.S. Academic Edition, excluding Law Schools)  |d vLex Global (Academic Edition, Law Schools) 
650 0 4 |a Derecho Penal  |z Espaą 
650 0 4 |a Derecho de las Nuevas Tecnologa̕s  |z Espaą 
740 0 |a vLex Libros (Servicio en ln̕ea) 
856 4 0 |u https://app.vlex.com/#/sources/36458  |z Acceso restringido 
942 |c BOOK 
999 0 |a Criminal Law 
999 0 |a Law of New Technologies